Economic Environment of Business (Record no. 2662)

MARC details
000 -LEADER
fixed length control field 00373nam a22001577a 4500
005 - DATE AND TIME OF LATEST TRANSACTION
control field 20180328124343.0
008 - FIXED-LENGTH DATA ELEMENTS--GENERAL INFORMATION
fixed length control field 160614b xxu||||| |||| 00| 0 eng d
041 ## - LANGUAGE CODE
Language code of text/sound track or separate title eng
082 ## - DEWEY DECIMAL CLASSIFICATION NUMBER
Item number 7457
Classification number 338.7
100 ## - MAIN ENTRY--AUTHOR NAME
Personal name Mishra, S.K. and puri, U.K.
245 ## - TITLE STATEMENT
Title Economic Environment of Business
260 ## - PUBLICATION, DISTRIBUTION, ETC. (IMPRINT)
Name of publisher HPH
300 ## - PHYSICAL DESCRIPTION
Number of Pages 640
650 ## - SUBJECT ADDED ENTRY--TOPICAL TERM
Topical Term Management
942 ## - ADDED ENTRY ELEMENTS (KOHA)
Koha item type Books
Holdings
Lost status Damaged status Collection code Home library Current library Shelving location Date acquired Cost, normal purchase price Full call number Accession Number Koha item type
    MANAGEMENT JRU Library JRU Library SHELF-61-F 14/06/2016 390.00 338.7 7457 Books
    MANAGEMENT JRU Library JRU Library SHELF-61-F 14/06/2016 390.00 338.7 7458 Books